Central de Trabajadores Costarricenses

Uloženo v:
Podrobná bibliografie
Hlavní autor: Soto, Jorge
Médium: Text
Vydáno: s.l: s.e
Tagy: Přidat tag
Žádné tagy, Buďte první, kdo vytvoří štítek k tomuto záznamu!

MARC

LEADER 00000 a a2200000 04500
001 22285
003
040
090 |a 150900  
100 |a Soto, Jorge  
245 |a Central de Trabajadores Costarricenses  
260 |a s.l:   |b s.e  
300 |a 19 p.  
999 |c 13715  |d 13715